K některým otázkám evoluce a pojetí člověka v nábožensko-filozofické koncepci Pierra Teilharda de Chardin

Bibliographic Details
Main Author: Mach, Vladimír (Author)
Format: Article
Language:Slovak
Czech

MARC

LEADER 00000nab a2200000ua 4500
001 vtls010746623
003 SK-MaSNL
005 20260304200238.0
008 250718s1989 xo |||||||||||||||||slo|
035 |a (urnnbn)urn:nbn:sk:snk:ar-a02j8u 
035 |a (uuid)7fdf1e7a-5808-4c19-b11c-e89385414818 
035 |a urn:nbn:sk:snk-ab4lmb 
040 |a SNKBUCL  |b slo  |c SNKBUCL  |e AACR2 
041 0 |a cze 
044 |a xo  |c SK 
100 1 |a Mach, Vladimír  |4 aut  |9 679122 
245 1 0 |a K některým otázkám evoluce a pojetí člověka v nábožensko-filozofické koncepci Pierra Teilharda de Chardin  |c Vladimír Mach 
773 0 |t Ateizmus : časopis pre otázky vedeckého ateizmu  |g Roč. 17, č. 2 (1989), s. 184-194 
850 |a Slovenská národná knižnica 
852 |a Slovenská národná knižnica 
954 |a odborná, vedecká literatúra cudzojazyčná (svetová)  |2 lita 
958 |a article3 
958 |a OND 
958 |a EUIPO 
999 |c 3086672  |d 3088602